00325nam a2200109Ia 4500008004100000082000800041100001300049245003700062942000600099952009500105999001500200240331s9999 xx 000 0 und d bPEN aWERC. ed 0aPenkalukkanachaddaviyal vilakkam cL 001040708LaWERCLbWERCLcSSCd2024-03-31l0o 346 PENp4400r2024-03-31w2024-03-31yL c3585d3585